000 01581nam a2200421 i 4500
001 193072
003 SpMaBN
005 20240707063036.0
007 ta
008 230727s2002 sp | o||| ||spa
016 7 _abimoBNE20020594581
_2SpMaBN
017 _aBA 258-2002
_bOficina Depósito Legal Badajoz
020 _a8493147826
035 _a(OCoLC)433220529
035 _abimo0001801495
040 _aSpMaBN
_bspa
_cSpMaBN
_erdc
_dES-MaACL
080 _a821.134.2-1"19"(082.2)
245 0 0 _aEn las márgenes del fuego /
_cJuan Ricardo Montaña García (coordinador) ; Alcandoria y Vberitas
250 _a1ª ed.
260 _a[Don Benito] :
_bAyuntamiento de Don Benito, Concejalía de Educación y Cultura,
_c2002
300 _a210 p. ;
_c22 cm
336 _2rdacontent
_aTexto
337 _2rdamedia
_asin mediación
338 _2rdacarrier
_avolumen
490 1 _aFondo editorial ;
_v9
500 _aCatalogación provisional. Signatura: N 8563. Depósito J.
650 4 _aPoesías españolas-
_yS.XX
_2embne
_916221
700 1 _aMontaña García, Juan Ricardo,
_d1949-
_9233906
710 2 _aColectivo Alcandoria
_9233907
710 2 _aColectivo Vbéritas
_9176506
830 _aFondo editorial (Don Benito. Ayuntamiento)
_v9
_9176432
852 _aES-MaACL
_9200377
_bR.152522
_jN-8563
_cDEPOJ
_hDonación: Editorial
_zEn proceso
942 _n0
_cMONOGRAFIA
999 _c193072
_d193072